| 000 | 00459nam a2200169 4500 | ||
|---|---|---|---|
| 001 | 136735 | ||
| 003 | ES-MaACL | ||
| 005 | 20230906195219.0 | ||
| 007 | t| | ||
| 008 | 070214s1970 sp r ||||1| cat d | ||
| 100 | 1 |
_aSaladrigas, Robert. _9101699 |
|
| 245 | 1 | 0 |
_a52 horas a través de la pell / _cRobert Saladrigas. |
| 250 | _a1ª ed. | ||
| 260 |
_aBarcelona : _bNova Terra, _c1970. |
||
| 300 |
_a291 p. ; _c19 cm. |
||
| 852 |
_aES-MaACL _jC-50576 _bR.73534 |
||
| 999 |
_c136735 _d136735 |
||